000 00608nam a2200217 4500
999 _c3201
_d3201
003 OSt
005 20191207125852.0
008 160309b xxu||||| |||| 00| 0 eng d
020 _a 9780796906489
020 _a0766906483
040 _c040a
082 _a300 MOU 1996
100 _aMouton, Johann; Marais, H.C.
_97173
245 _aBasic Concepts:
_bin the methodology of the social sciences
260 _aPretoria;
_bHSRC Publishers,
_c1996
300 _axiii, 269p;
_bill :
_c12 cm
504 _aIncludes index
650 _aSocial science
_97174
650 _aMethodology
_912647
942 _2ddc
_cSLOAN